000
00343 a2200169 4500
001
185696
020
_a
85-329-0686-9
040
_c
Magnum
100
_a
Coelho, Ronaldo Simões
240
1
0
_a
Macaquinho
_l
por
245
1
0
_a
Macaquinho
300
_a
14
362
0
_a
2005
440
1
_a
Lê
697
_a
LITERATURA INFANTIL
942
_c
BK
999
_c
185696
_d
185696